<?xml version="1.0" encoding="UTF-8"?>
<collection xmlns="http://www.loc.gov/MARC21/slim">
 <record>
  <leader>01098cam a2200313 7i4500</leader>
  <controlfield tag="001">0000002663</controlfield>
  <controlfield tag="005">20260204090000.0</controlfield>
  <controlfield tag="008">251008t19851985xxk#   ###   #00001engm#</controlfield>
  <datafield tag="020" ind1="#" ind2="#">
   <subfield code="a">0912338490 </subfield>
  </datafield>
  <datafield tag="020" ind1="#" ind2="#">
   <subfield code="a">9780912338491 </subfield>
  </datafield>
  <datafield tag="040" ind1="#" ind2="#">
   <subfield code="a">UMT </subfield>
   <subfield code="b">eng </subfield>
   <subfield code="c">UMT </subfield>
   <subfield code="d">Loc </subfield>
   <subfield code="e">rda</subfield>
  </datafield>
  <datafield tag="090" ind1="0" ind2="0">
   <subfield code="a">GC 1015 </subfield>
   <subfield code="b">.M36 1985</subfield>
  </datafield>
  <datafield tag="245" ind1="0" ind2="0">
   <subfield code="a">Managing the ocean : </subfield>
   <subfield code="b">resources, research, law  </subfield>
   <subfield code="c">Jacques G. Richardson, editor.</subfield>
  </datafield>
  <datafield tag="264" ind1="#" ind2="4">
   <subfield code="c">♭1985</subfield>
  </datafield>
  <datafield tag="264" ind1="#" ind2="1">
   <subfield code="a">Mt. Airy: </subfield>
   <subfield code="b">Lomond Publications, </subfield>
   <subfield code="c">1985</subfield>
  </datafield>
  <datafield tag="300" ind1="#" ind2="#">
   <subfield code="a">xv, 407 pages, (2) folded pages of plates: </subfield>
   <subfield code="b">illustrations; </subfield>
   <subfield code="c">24 cm</subfield>
  </datafield>
  <datafield tag="336" ind1="#" ind2="#">
   <subfield code="a">text -- </subfield>
   <subfield code="2">rdacontent</subfield>
  </datafield>
  <datafield tag="337" ind1="#" ind2="#">
   <subfield code="a">unmediated -- </subfield>
   <subfield code="2">rdamedia</subfield>
  </datafield>
  <datafield tag="338" ind1="#" ind2="#">
   <subfield code="a">volume -- </subfield>
   <subfield code="2">rdacarrier</subfield>
  </datafield>
  <datafield tag="500" ind1="#" ind2="#">
   <subfield code="a">Includes index</subfield>
  </datafield>
  <datafield tag="590" ind1="#" ind2="#">
   <subfield code="a">Pusat Pengajian Sains Marin dan Persekitaran</subfield>
  </datafield>
  <datafield tag="650" ind1="0" ind2="0">
   <subfield code="a">Oceanograph -- </subfield>
   <subfield code="x">Research </subfield>
  </datafield>
  <datafield tag="650" ind1="0" ind2="0">
   <subfield code="a">Marine resources </subfield>
  </datafield>
  <datafield tag="650" ind1="0" ind2="0">
   <subfield code="a">Oceanography and state </subfield>
  </datafield>
  <datafield tag="650" ind1="0" ind2="0">
   <subfield code="a">Marine pollution </subfield>
  </datafield>
  <datafield tag="650" ind1="0" ind2="0">
   <subfield code="a">Submarine geology </subfield>
  </datafield>
  <datafield tag="650" ind1="0" ind2="0">
   <subfield code="a">Marine resources consevatio -- </subfield>
   <subfield code="x">Law and legislation </subfield>
  </datafield>
  <datafield tag="700" ind1="1" ind2="#">
   <subfield code="a">Richardson, Jacques G. </subfield>
  </datafield>
  <datafield tag="999" ind1=" " ind2=" ">
   <subfield code="a">1000391119</subfield>
   <subfield code="b">Book</subfield>
   <subfield code="c">Open Shelf</subfield>
   <subfield code="e">KOLEKSI TERBUKA</subfield>
  </datafield>
 </record>
</collection>
